7 Weltwunder der Antike - Statistiken

Allgemein
  • Dieses Quiz wurde 187 mal gespielt
  • Das Durchschnittsergebnis liegt bei 4 aus 7
Antwortstatistiken
Hint Antwort % Korrekt
Ägypten Pyramiden von Gizeh
92%
Griechenland Koloss von Rhodos
78%
Irak hängenden Gärten von Babylon
62%
Ägypten Leuchtturm von Alexandria
59%
Griechenland Zeusstatue des Phidias
36%
Türkei Grabmal von Mausolos
31%
Türkei Tempel der Artemis
31%
Keine übereinstimmenden Quizze gefunden
Verteilung der Resultate
Anzahl Personen mit jedem Resultat
Perzentil nach korrekt beantworteten Fragen
Ihre Resultats-Entwicklung
Sie haben dieses Quiz noch nicht gespielt